| 000 | 00458nam a2200169Ia 4500 | ||
|---|---|---|---|
| 999 |
_c6042 _d6042 |
||
| 003 | OSt | ||
| 005 | 20200120102926.0 | ||
| 008 | 190216s9999||||xx |||||||||||||| ||und|| | ||
| 020 | _a8125903372 | ||
| 040 | _coclc | ||
| 082 |
_a658 _bCHA/M |
||
| 100 |
_aChandan, J S _91270 |
||
| 245 | 0 |
_aManagement / _cJ S Chandan |
|
| 260 |
_bVikas Publishing House, _c2001. _aNew Delhi: |
||
| 300 | _a552p | ||
| 942 |
_cBK _2ddc _h658 _iCHA/M _k658 _mCHA/M |
||